000 00478nam a2200193Ia 4500
005 20250423101125.0
008 250422s9999 xx 000 0 und d
020 _a9788123924649
050 _aQM 551 .G37/
100 _aGarg, Krishna
245 0 _aTextbook of histology: colour atlas
250 _a5th ed.
260 _aNew Delhi
260 _bCBS Publishers & Distributors Pvt Ltd
260 _c2014
300 _a273 p
650 _a Histology.
942 _cBK
999 _c35359
_d35359